000 00709nam a2200241Ia 4500
003 OSt
005 20220925215411.0
006 a|||||r|||| 00| 0
007 ta
008 220923b |||||||| |||| 00| 0 eng d
037 _cGeneral Book
040 _aRTL
_cRTL
_beng
041 _2eng
_aeng
082 _aX4:45.3., K8/GD
110 _aGreat Britain, Transport (M/O)
_9282765
245 0 _aTransport for industry
_b Summary report.
260 _aLondon
_bHMSO UK
_c1968
300 _aiv, 60p.
_ccm.
650 _aTransport Economics -- United States
700 _aGreat Britain, Transport (M/O)
_9282766
942 _hX4:45.3., K8/GD
_cGB
_2CC
999 _c568708
_d568708